Environmental Hoo-ha (Record no. 73904)
[ view plain ]
| 000 -LEADER | |
|---|---|
| fixed length control field | 01086cam a2200229 4500 |
| 001 - CONTROL NUMBER | |
| control field | ABS67295 |
| 008 - FIXED-LENGTH DATA ELEMENTS--GENERAL INFORMATION | |
| fixed length control field | 031128n2003 000 0 eng u |
| 035 ## - SYSTEM CONTROL NUMBER | |
| System control number | (Sirsi) u124530 |
| 100 ## - MAIN ENTRY--PERSONAL NAME | |
| Personal name | Bailey, L. |
| 245 ## - TITLE STATEMENT | |
| Title | Environmental Hoo-ha |
| 260 ## - PUBLICATION, DISTRIBUTION, ETC. | |
| Date of publication, distribution, etc. | 2003 |
| 490 ## - SERIES STATEMENT | |
| Series statement | Architects' Journal |
| Volume/sequential designation | 218(18) 13 November 2003, 44-45(2) |
| 520 ## - SUMMARY, ETC. | |
| Summary, etc. | Examines recent plans to site a new airport at Thames Reach in Kent. Proposals are for a compact, modular airport and integrated transport hub, which compares favourably with alternative schemes being suggested. Sited on the Hoo peninsula, the scheme intends to develop the area in an environmentally friendly manner, with regard to the impacts on the local community. More information on the plans can be viewed at www.bluebase.com/airport. |
| 590 ## - LOCAL NOTE (RLIN) | |
| Local note | ABS |
| 650 ## - SUBJECT ADDED ENTRY--TOPICAL TERM | |
| Topical term or geographic name entry element | AIRPORT DEVELOPMENT |
| 650 ## - SUBJECT ADDED ENTRY--TOPICAL TERM | |
| Topical term or geographic name entry element | ENVIRONMENTAL MANAGEMENT |
| 650 ## - SUBJECT ADDED ENTRY--TOPICAL TERM | |
| Topical term or geographic name entry element | LONDON |
| 650 ## - SUBJECT ADDED ENTRY--TOPICAL TERM | |
| Topical term or geographic name entry element | TRANSPORT PLANNING |
| 690 ## - LOCAL SUBJECT ADDED ENTRY--TOPICAL TERM (OCLC, RLIN) | |
| Topical term or geographic name as entry element | TRANSPORT AND COMMUNICATIONS |
| 856 ## - ELECTRONIC LOCATION AND ACCESS | |
| Host name | http://www.bluebase.com/ |
| Public note | View the airport plans on the Bluebase website... |
| 942 ## - ADDED ENTRY ELEMENTS (KOHA) | |
| Suppress in OPAC | 0 |
| Withdrawn status | Lost status | Source of classification or shelving scheme | Damaged status | Not for loan | Home library | Current library | Shelving location | Date acquired | Total Checkouts | Full call number | Barcode | Date last seen | Copy number | Price effective from | Koha item type |
|---|---|---|---|---|---|---|---|---|---|---|---|---|---|---|---|
| Dewey Decimal Classification | London | London | Journal article | 28/11/2003 | ABS67295 | 124530-1001 | 06/08/2019 | 1 | 06/08/2019 | Journal article |